ბათუმის შოთა რუსთაველის სახელმწიფო უნივერსიტეტის ბიბლიოთეკა

Устойчивость и динамика сооружении в примерах и задачах. (ბიბ.ჩანაწერი № 38684)

000 -LEADER
fixed length control field 00771nam a2200229Ia 4500
001 - CONTROL NUMBER
control field 4929
003 - CONTROL NUMBER IDENTIFIER
control field GE_BSU
008 - FIXED-LENGTH DATA ELEMENTS--GENERAL INFORMATION
fixed length control field 181216s||||||||xx |||||||||||||| ||und||
040 ## - CATALOGING SOURCE
Transcribing agency GE_BSU
080 ## - UNIVERSAL DECIMAL CLASSIFICATION NUMBER
Universal Decimal Classification number 624.075.22
100 ## - MAIN ENTRY--PERSONAL NAME
Personal name Безухов,Н.И. Лужин,О.В. Колкунов,Н.В.
245 ## - TITLE STATEMENT
Title Устойчивость и динамика сооружении в примерах и задачах.
245 ## - TITLE STATEMENT
Remainder of title УчебН. пособие.
250 ## - EDITION STATEMENT
Edition statement Изд 2-ое, перераб. и дополненное.
260 ## - PUBLICATION, DISTRIBUTION, ETC.
Place of publication, distribution, etc. М.
260 ## - PUBLICATION, DISTRIBUTION, ETC.
Name of publisher, distributor, etc. Стройиздат.
260 ## - PUBLICATION, DISTRIBUTION, ETC.
Date of publication, distribution, etc. 1969.
300 ## - PHYSICAL DESCRIPTION
Extent 439стр.27см.
300 ## - PHYSICAL DESCRIPTION
Accompanying material Чертеж. Табл.
653 ## - INDEX TERM--UNCONTROLLED
Uncontrolled term Устойчивость и динамика сооружении.
942 ## - ADDED ENTRY ELEMENTS (KOHA)
Koha item type წიგნი
ეგზემპლარები
Withdrawn status Lost status Damaged status Not for loan Date acquired Barcode Date last seen Price effective from Koha item type
        2018-12-17 11382 2018-12-17 2018-12-17 წიგნი